| 000 | 00600nam a22001937a 4500 | ||
|---|---|---|---|
| 005 | 20251108171840.0 | ||
| 008 | 250721s1995 xx 000 0 ara d | ||
| 082 | 1 | 4 | _aم/028.12/سلي |
| 100 | 1 |
_aآل سلمان، أبو عبيدة مشهور بن حسن _eمؤلف |
|
| 245 | 1 | 0 | _aكتب حذر منها العلماء / |
| 264 | 1 |
_aالرياض : _bدار الصميعي للنشر و التوزيع، _c1995. |
|
| 300 | _a2مج. | ||
| 650 | 1 | 7 | _aنقد الكتب |
| 650 | 1 | 7 | _aالإسلام |
| 650 | 1 | 7 | _aالمؤلفات |
| 650 | 1 | 7 | _aالنقد |
| 942 |
_2ddc _cREF |
||
| 999 |
_c64200 _d64200 |
||